Riadenie oblasti IS/IT v nadväznosti na informačnú stratégiu podniku

Teoretické východiská informačného manažmentu podniku. Analýza riadenia a využívania oblasti IS/IT v podnikoch. Analýza vynakladania zdrojov do infraštruktúry IS/IT. Vplyv veľkosti podniku na vynakladanie prostriedkov do IS/IT. Vplyv veľkosti podniku na riadenie oblasti IS/IT.

Na minha lista:
Detalhes bibliográficos
Autor principal: Bodiš, Miloš
Formato: Capítulo de Livro
Idioma:eslovaco
Assuntos:
Tags: Adicionar Tag
Sem tags, seja o primeiro a adicionar uma tag!

MARC

LEADER 00000nla a2200000 4500
001 0180403
005 20240502073055.2
041 0 |a slo 
044 |a SK 
245 1 0 |a Riadenie oblasti IS/IT v nadväznosti na informačnú stratégiu podniku  |c Miloš Bodiš 
520 |a Teoretické východiská informačného manažmentu podniku. Analýza riadenia a využívania oblasti IS/IT v podnikoch. Analýza vynakladania zdrojov do infraštruktúry IS/IT. Vplyv veľkosti podniku na vynakladanie prostriedkov do IS/IT. Vplyv veľkosti podniku na riadenie oblasti IS/IT. 
610 2 0 |a manažment informačný 
610 2 0 |a systémy informačné podnikové 
610 2 0 |a technológie informačné 
610 2 0 |a technológie komunikačné 
610 2 0 |a výskum 
610 2 0 |a Slovensko 
100 1 |a Bodiš, Miloš